Indirect taxation (Record no. 325)

MARC details
000 -LEADER
fixed length control field 00883 a2200241 4500
005 - DATE AND TIME OF LATEST TRANSACTION
control field 20080819155920.0
008 - FIXED-LENGTH DATA ELEMENTS--GENERAL INFORMATION
fixed length control field 080819t xxu||||| |||| 00| 0 eng d
010 ## - LIBRARY OF CONGRESS CONTROL NUMBER
LC control number ENG-84760
020 ## - INTERNATIONAL STANDARD BOOK NUMBER
International Standard Book Number 8180545016
Terms of availability 220.00
035 ## - SYSTEM CONTROL NUMBER
System control number EN-68293
037 ## - SOURCE OF ACQUISITION
Source of stock number/acquisition D.B.Act / Pub
040 ## - CATALOGING SOURCE
Original cataloging agency dpl
Language of cataloging English
082 ## - DEWEY DECIMAL CLASSIFICATION NUMBER
Classification number 343.54055
100 ## - MAIN ENTRY--PERSONAL NAME
Personal name Balachandran, V.
245 ## - TITLE STATEMENT
Title Indirect taxation
Remainder of title I
Statement of responsibility, etc by V. Balachandran
250 ## - EDITION STATEMENT
Edition statement 11th ed
260 ## - PUBLICATION, DISTRIBUTION, ETC. (IMPRINT)
Place of publication, distribution, etc New Delhi
Name of publisher, distributor, etc Sultan Chand and Sons
Date of publication, distribution, etc 2006
270 ## - ADDRESS
Address 23, Darya Ganj,
City New Delhi
State or province Delhi
Postal code 110002
Telephone number 23266105
Fax number 23266357
300 ## - PHYSICAL DESCRIPTION
Extent various pagings
Dimensions 21 cm (Pbk)
650 ## - SUBJECT ADDED ENTRY--TOPICAL TERM
Topical term or geographic name as entry element Taxation
General subdivision Indirect
942 ## - ADDED ENTRY ELEMENTS (KOHA)
Institution code [OBSOLETE] dpl
Koha item type English Books
Call number prefix 343.54055 / BAL
Source of classification or shelving scheme Dewey Decimal Classification
Classification part 343.54055
Call number suffix BAL
Holdings
Withdrawn status Lost status Damaged status Not for loan Collection code Home library Current library Date acquired Cost, normal purchase price Total Checkouts Full call number Barcode Date last seen Copy number Uniform Resource Identifier Cost, replacement price Price effective from Koha item type
      Not For Loan Non-fiction D.B.Act.Division D.B.Act.Division 19/08/2008 220.00   343.54055 BAL EN-68293 15/09/2008 1 334 220.00 15/09/2008 English Books

© Delhi Public Library
Hit Counter
free hit counter